La escuela : centro de la transformación educativa /
Guardado en:
| Autor Principal: | |
|---|---|
| Formato: | Libro |
| Publicado: |
Buenos Aires :
Cesarini Hnos.,
1995
|
| Series: | Cuadernos para la reforma
|
| Materias: | |
| Etiquetas: |
Agregar Etiqueta
Sin Etiquetas, Sea el primero en etiquetar este registro!
|
| LEADER | 00856nam a22002175a 4500 | ||
|---|---|---|---|
| 001 | CEM.cems016891 | ||
| 005 | 20160219100931.0 | ||
| 008 | 130507s1995##################000#0#####d | ||
| 003 | CEMS | ||
| 020 | |a 9505261098 | ||
| 082 | 0 | 4 | |a 370 |
| 100 | 1 | |a La Greca, José María | |
| 245 | 1 | 0 | |a La escuela : |b centro de la transformación educativa / |c Jose Maria La Greca |
| 260 | |a Buenos Aires : |b Cesarini Hnos., |c 1995 | ||
| 300 | |a 74 p. | ||
| 490 | 0 | |a Cuadernos para la reforma | |
| 505 | 0 | |a La escuela en una sociedad pluralista y en cambio -- Nuevos espacios escolares, el trabajo en equipo -- El director -- Los docentes -- Los alumnos -- Nuevos espacios temporales -- Hacia una comunidad educativa en marcha | |
| 653 | |a Educación | ||
| 653 | |a Comunidad educativa | ||
| 653 | |a Dirección escolar | ||
| 859 | |a CEMS |b BIB. CEMS - Agricultura |h 370 |i L138 |p A19769.98 |t Ej.1 | ||
